| 000 | 00531nam a22001937a 4500 | ||
|---|---|---|---|
| 003 | BUBTL | ||
| 008 | 170314b xxu||||| |||| 00| 0 eng d | ||
| 020 | _a984-32-1728-1 | ||
| 082 | _a677RAG | ||
| 100 |
_91123 _aRazzaque, M.A. |
||
| 245 | _aGarment & Textile Merchandising | ||
| 260 |
_aDhaka _bPopular Publication _cc2004 |
||
| 300 |
_a[xix],459p. _bills. _c23cm. |
||
| 650 | 0 |
_91125 _aTextile Engineering |
|
| 700 |
_91124 _aRazzaque, M.A. |
||
| 856 |
_k0 _l0 _yDownload |
||
| 942 |
_2ddc _cBK |
||
| 999 |
_c5433 _d5433 |
||